00609nam a22001817a 450000500170000001000150001702000260003203500140005803700130007208200100008510000230009524501540011826000400027227000400031230000230035250500290037570000230040420171123120634.0 aENG-121536 a9789325981256c160.00 aEN-105068 bDBAD/PUB a174.4 aRoy, Chandra Kumar aBusiness ethics :cby Chandra Kumar Roy [and] Prabhat Kumar Roybbachelor of business administration Chaudhary Charan Singh University (semester 1) / aNoidabVikas Publishing Housec2015 aE-28, Sector-8, bNoida(UP)e201301 ax,157p.c25cm(pbk) aSubject code : BBA N 107 aRoy, Prabhat Kumar